000 01166nam a22003497a 4500
001 BR7305122
003 BR-BrBNA
005 20230928084105.0
007 ta
008 230509b bl.||||| |||| 00| 0 por d
040 _aBR-BrBNA
_bpor
_cBiblioteca Nacional de Agricultura
041 _a(Por)
072 _aL30
_b5212
_b8956
_b0430
_b0120
090 _ 5212 BR7305122
100 1 _aMoreira, H.A.
110 1 _aUniversidade Federal de Minas Gerais, Belo Horizonte (Brasil). Escola de Veterinaria
_0Tese (Mestre em Zootecnia)
245 1 _aComparacao entre farelo de algodao e milho desintegrado com palha e sabugo no ganho em peso limitado de novilhas no periodo da seca e suas possiveis influencias sobre o ganho em peso na epoca chuvosa
260 3 _aBelo Horizonte, MG (Brasil):
_c1973.
300 _a70 p.
500 _a19 tables; Bibliography p. 60-70 (83 ref.); Summary (Por)
650 _aNutricao animal
650 _aBovino
650 _aFarelo
650 _aAlgodao
650 _aMilho
650 _aPalha
650 _aSabugo
650 _aNovilho
650 _aGanho de peso
909 _a202309
_bLucia
_c55
_dLucia Elande
942 _cBK
999 _c16808
_d16808